Abnormal Psychology (Record no. 47402)

MARC details
000 -LEADER
fixed length control field 00790nam a22002417a 4500
005 - DATE AND TIME OF LATEST TRANSACTION
control field 20260429154631.0
008 - FIXED-LENGTH DATA ELEMENTS--GENERAL INFORMATION
fixed length control field 260429b |||||||| |||| 00| 0 eng d
020 ## - INTERNATIONAL STANDARD BOOK NUMBER
International Standard Book Number 9789353065591
040 ## - CATALOGING SOURCE
Transcribing agency VITAP
082 ## - DEWEY DECIMAL CLASSIFICATION NUMBER
Edition number 23rd Ed.
Classification number 616.89 HOO
100 ## - MAIN ENTRY--PERSONAL NAME
Personal name Hooley, Jill M.
9 (RLIN) 17417
245 ## - TITLE STATEMENT
Title Abnormal Psychology
Statement of responsibility, etc. / Jill M. Hooley ... et al.
250 ## - EDITION STATEMENT
Edition statement 17th Ed.
260 ## - PUBLICATION, DISTRIBUTION, ETC.
Place of publication, distribution, etc. Noida
Name of publisher, distributor, etc. Pearson India Education Services Pvt. Ltd.
Date of publication, distribution, etc. 2024
300 ## - PHYSICAL DESCRIPTION
Extent xxvi, 883p. : ill. ; 25cm
500 ## - GENERAL NOTE
General note It includes Index Pages.
650 #0 - SUBJECT ADDED ENTRY--TOPICAL TERM
Topical term or geographic name entry element Psychology; Abnormal psychology; Psychiatry; Mental illness; Mental disorder
9 (RLIN) 17419
700 ## - ADDED ENTRY--PERSONAL NAME
Personal name Butcher, James N.
9 (RLIN) 17420
700 ## - ADDED ENTRY--PERSONAL NAME
Personal name Nock Matthew K.
9 (RLIN) 17422
700 ## - ADDED ENTRY--PERSONAL NAME
Personal name Mineka, Susan
9 (RLIN) 17423
700 ## - ADDED ENTRY--PERSONAL NAME
Personal name Kapur, Preeti
9 (RLIN) 17424
942 ## - ADDED ENTRY ELEMENTS (KOHA)
Source of classification or shelving scheme Dewey Decimal Classification
Koha item type Text Book
Holdings
Withdrawn status Lost status Source of classification or shelving scheme Materials specified (bound volume or other part) Damaged status Not for loan Collection code Home library Current library Shelving location Date acquired Source of acquisition Cost, normal purchase price Inventory number Total Checkouts Full call number Barcode Date last seen Cost, replacement price Price effective from Koha item type Public note
    Dewey Decimal Classification Paper Back     Reference School of Business & General Section VIT-AP Reference 2026-04-17 Shah Book House Pvt. Ltd., Hyderabad 1040.00 SBH/41139   616.89 HOO 025771 2026-04-29 1040.00 2026-04-29 Reference Book MGT
    Dewey Decimal Classification Paper Back       School of Business & General Section VIT-AP General Stacks 2026-04-17 Shah Book House Pvt. Ltd., Hyderabad 1040.00 SBH/41139   616.89 HOO 025772 2026-04-29 1040.00 2026-04-29 Text Book MGT

Visitor Number: